Name the Indian Authors and Poets #2 - Statistics

General Stats
  • This quiz has been taken 51 times
  • The average score is 7 of 12
Answer Stats
Picture Hint Answer % Correct
The Discovery of India Jawaharlal Nehru
90%
The Story of My Experiments with Truth Mohandas Gandhi
79%
The Jungle Book Rudyard Kipling
74%
Ramayana Valmiki
72%
Vande Mataram Bankim Chandra Chatterjee
62%
Feluda Satyajit Ray
51%
Ghubar-e-Khatir Abul Kalam Azad
49%
Animal Farm George Orwell
49%
Savitri – A Legend and a Symbol Sri Aurobindo
49%
The Inheritance of Loss Kiran Desai
46%
To India – My Native Land Henry Louis Vivian Derozio
33%
Man-Eaters of Kumaon Jim Corbett
33%
No matching quizzes found
Score Distribution
Percent of People with Each Score
Percentile by Number Answered
Your Score History
You have not taken this quiz